|
|
|
|
| LEADER |
00833cam a2200241 7i4500 |
| 001 |
0000002081 |
| 005 |
20170218090000.0 |
| 020 |
|
|
|a 9780471333012
|
| 020 |
|
|
|a 0471333018 (hbk.)
|
| 090 |
0 |
0 |
|a TA168
|b .K37 2000
|
| 100 |
1 |
|
|a Karnopp, Dean C
|
| 245 |
1 |
0 |
|a System dynamics :
|b modeling and simulation of mechatronic systems
|c by Dean C. Karnopp, Donald L. Margolis, Ronald C. Rosenberg.
|
| 250 |
|
|
|a 3rd ed.
|
| 260 |
|
|
|a New York:
|b Wiley,
|c 2000.
|
| 300 |
|
|
|a x, 507p.:
|b ill.;
|c 24cm.
|
| 504 |
|
|
|a Includes bibliographical references and index
|
| 650 |
0 |
0 |
|a Bond graphs
|
| 650 |
0 |
0 |
|a Systems engineering
|
| 650 |
0 |
0 |
|a System analysis
|
| 700 |
1 |
|
|a Margolis, Donald L.
|
| 700 |
1 |
|
|a Rosenberg, Ronald C
|
| 997 |
|
|
|a Engineering, Faculty
|b Engineering, Department
|
| 999 |
|
|
|a 0000011069
|b BOK
|c OPEN SHELF
|e 2nd Floor, Bestari Jaya
|